[Event "60th ch-RUS w"]
[Site "Moscow RUS"]
[Date "2010.11.16"]
[Round "1"]
[White "Pogonina, N."]
[Black "Girya, O."]
[Result "1/2-1/2"]
[WhiteElo "2472"]
[BlackElo "2435"]
[PlyCount "110"]
[EventDate "2010.11.16"]

1. e4 c6 2. d4 d5 3. f3 e6 4. Nc3 Bb4 5. Nge2 Ne7 6. Be3 O-O 7. a3 Ba5 8. Qd2
Nd7 9. Ng3 e5 10. dxe5 Nxe5 11. O-O-O Qc7 12. Bd4 dxe4 13. Ngxe4 Bb6 14. Bxb6
axb6 15. Be2 Be6 16. Qd6 Rfc8 17. Rhe1 N5g6 18. g3 Nd5 19. Nxd5 Bxd5 20. Qxc7
Rxc7 21. Nc3 Be6 22. f4 Kf8 23. Bf3 Rd7 24. Rxd7 Bxd7 25. Ne4 Ne7 26. Rd1 Be8
27. Nd6 Ra7 28. c4 f6 29. Bg4 Bf7 30. Nxf7 Kxf7 31. Rd8 Ra4 32. Be2 Ke6 33. Kc2
Nf5 34. Kc3 Nd6 35. Bd3 f5 36. Rg8 Kf7 37. Rb8 Ke6 38. Kb3 Ra5 39. Kc3 Ra4 40.
h3 h6 41. g4 fxg4 42. hxg4 Kf6 43. Rd8 Ke7 44. Rg8 Kf7 45. Rh8 b5 46. b3 Rxa3
47. cxb5 cxb5 48. g5 hxg5 49. fxg5 Ra1 50. Rd8 Ke7 51. Rg8 Kf7 52. Rd8 Ke7 53.
Rg8 Kf7 54. Rd8 Ke7 55. Rg8 Kf7 1/2-1/2

[Event "60th ch-RUS w"]
[Site "Moscow RUS"]
[Date "2010.11.18"]
[Round "3"]
[White "Shadrina, T."]
[Black "Girya, O."]
[Result "1-0"]
[WhiteElo "2384"]
[BlackElo "2435"]
[PlyCount "97"]
[EventDate "2010.11.16"]

1. e4 c6 2. d4 d5 3. exd5 cxd5 4. c4 Nf6 5. Nc3 Nc6 6. Bg5 e6 7. Nf3 Be7 8. c5
O-O 9. Bb5 Ne4 10. Bxe7 Nxe7 11. Rc1 b6 12. c6 Qd6 13. O-O a6 14. Bd3 Nxc6 15.
Nxe4 dxe4 16. Bxe4 Bb7 17. Ne5 Rac8 18. Rc3 Nxe5 19. Bxb7 Rxc3 20. bxc3 Ng6 21.
Qa4 a5 22. Rb1 Rb8 23. Bf3 Rc8 24. Qb3 Qc7 25. Rc1 Qf4 26. Rd1 Qc7 27. d5 exd5
28. Bxd5 Ne5 29. c4 Rd8 30. Qg3 Kf8 31. h3 Re8 32. Qh4 h6 33. Rb1 Nd3 34. Qd4
Nc5 35. g3 Re2 36. a3 a4 37. Qg4 Re5 38. Qf4 Nd3 39. Qd2 Nc5 40. Qb4 Re2 41.
Kf1 Qe7 42. Qxb6 Kg8 43. Qb8+ Kh7 44. Qf4 Nb3 45. Kg2 Qxa3 46. Qf5+ Kh8 47.
Qxf7 Kh7 48. Be4+ Rxe4 49. Qf5+ 1-0

[Event "60th ch-RUS w"]
[Site "Moscow RUS"]
[Date "2010.11.19"]
[Round "4"]
[White "Paikidze, N."]
[Black "Pogonina, N."]
[Result "0-1"]
[WhiteElo "2401"]
[BlackElo "2472"]
[PlyCount "100"]
[EventDate "2010.11.16"]

1. d4 Nf6 2. c4 e6 3. Nc3 Bb4 4. e3 O-O 5. Bd3 d5 6. Nge2 dxc4 7. Bxc4 e5 8.
O-O exd4 9. exd4 Nbd7 10. Bg5 Be7 11. Qd3 Nb6 12. Bb3 c6 13. Rfe1 Nfd5 14. Bxe7
Nxe7 15. Nf4 Bf5 16. Qf3 Qd7 17. h3 Ng6 18. Rad1 Rae8 19. Rxe8 Rxe8 20. Nh5 Nh4
21. Qg3 Ng6 22. d5 c5 23. Rd2 c4 24. Bd1 Bd3 25. Bf3 Qe7 26. Kh2 Qe5 27. d6
Qxg3+ 28. Nxg3 Rd8 29. Bxb7 Rxd6 30. Be4 Rd7 31. b3 Bxe4 32. Rxd7 Nxd7 33.
Ngxe4 cxb3 34. axb3 Kf8 35. b4 Nge5 36. Nb5 Nc6 37. Kg3 a6 38. Na3 Nxb4 39. Nc4
Ke7 40. Kf4 Nd5+ 41. Kf3 f5 42. Ned2 Ke6 43. Na5 Ne5+ 44. Ke2 Nf4+ 45. Kf1 Kd5
46. h4 Nfg6 47. g3 Ne7 48. f4 N7c6 49. Nab3 Nc4 50. Nb1 Nd6 0-1

[Event "60th ch-RUS w"]
[Site "Moscow RUS"]
[Date "2010.11.19"]
[Round "4"]
[White "Nebolsina, V."]
[Black "Matveeva, S."]
[Result "1-0"]
[WhiteElo "2377"]
[BlackElo "2389"]
[PlyCount "87"]
[EventDate "2010.11.16"]

1. d4 d5 2. c4 dxc4 3. Nf3 e6 4. e3 c5 5. Bxc4 a6 6. O-O Nf6 7. Bb3 Be7 8. dxc5
Qxd1 9. Bxd1 Bxc5 10. Ne5 Nfd7 11. Nd3 Be7 12. Bd2 Nc6 13. Bc3 f6 14. Nd2 Nb6
15. Bh5+ g6 16. Bf3 Kf7 17. Bxc6 bxc6 18. Ba5 Rb8 19. Rfd1 Rd8 20. Nb3 Rd5 21.
e4 Rb5 22. Nd4 Rxa5 23. Nxc6 Bb7 24. Nxb8 Bxe4 25. f3 Bd5 26. Nf4 Bxa2 27. Nxe6
Ra4 28. Nc7 a5 29. Nc6 Bc5+ 30. Kh1 Bb3 31. Re1 Rxa1 32. Rxa1 a4 33. Re1 g5 34.
h4 gxh4 35. Re4 h3 36. g3 h5 37. Kh2 Bd1 38. Nd8+ Kg6 39. Nce6 Bf2 40. Nf4+ Kh6
41. Nf7+ Kg7 42. Nd6 Bxf3 43. Re7+ Kg8 44. Nf5 1-0

[Event "60th ch-RUS w"]
[Site "Moscow RUS"]
[Date "2010.11.20"]
[Round "5"]
[White "Girya, O."]
[Black "Galliamova, A."]
[Result "1-0"]
[WhiteElo "2435"]
[BlackElo "2487"]
[PlyCount "85"]
[EventDate "2010.11.16"]

1. d4 d5 2. c4 c6 3. Nf3 Nf6 4. Nc3 e6 5. Bg5 h6 6. Bxf6 Qxf6 7. e3 g6 8. Bd3
Bg7 9. O-O O-O 10. e4 dxe4 11. Nxe4 Qd8 12. c5 b6 13. Qc2 Bxd4 14. Nxd4 Qxd4
15. Rad1 Qe5 16. Rfe1 Ba6 17. b4 Bxd3 18. Qxd3 b5 19. Qf3 Kg7 20. h4 a5 21. a3
axb4 22. axb4 Ra7 23. Ng5 Qf5 24. Qc3+ Kg8 25. Ne4 e5 26. Rd6 f6 27. Ng3 Qc8
28. h5 Rg7 29. Qf3 Nd7 30. hxg6 Qe8 31. Qxc6 e4 32. Nf5 Qxg6 33. Qd5+ Kh8 34.
Nxg7 Ne5 35. Ne6 Nf3+ 36. Kf1 Nh2+ 37. Ke2 Qxg2 38. Qf5 Ra8 39. Qxf6+ Kg8 40.
Rd8+ Rxd8 41. Qxd8+ Kf7 42. Qd7+ Kf6 43. Qg7+ 1-0

[Event "60th ch-RUS w"]
[Site "Moscow RUS"]
[Date "2010.11.21"]
[Round "6"]
[White "Bodnaruk, A."]
[Black "Girya, O."]
[Result "1-0"]
[WhiteElo "2407"]
[BlackElo "2435"]
[PlyCount "73"]
[EventDate "2010.11.16"]

1. e4 c6 2. d4 d5 3. exd5 cxd5 4. Bd3 Nc6 5. c3 Qc7 6. h3 Nf6 7. Nf3 g6 8. O-O
Bf5 9. Bxf5 gxf5 10. Re1 e6 11. c4 dxc4 12. Nc3 O-O-O 13. Qa4 a6 14. Bg5 Be7
15. Qxc4 Nd5 16. Nxd5 Rxd5 17. Bxe7 Nxe7 18. Qxc7+ Kxc7 19. Ng5 Rg8 20. Nxf7
Rg7 21. Rac1+ Kb8 22. Ne5 Rxd4 23. Nf3 Rd6 24. Rc4 Nc6 25. Rh4 Kc7 26. Rh6 Kd7
27. Kf1 e5 28. Rh5 Ke6 29. g4 fxg4 30. Nxe5 Nxe5 31. Rexe5+ Kd7 32. hxg4 Rd1+
33. Ke2 Rb1 34. Rd5+ Ke6 35. Rhe5+ Kf7 36. Rd7+ Kf6 37. Rf5+ 1-0

[Event "60th ch-RUS w"]
[Site "Moscow RUS"]
[Date "2010.11.23"]
[Round "7"]
[White "Shadrina, T."]
[Black "Nebolsina, V."]
[Result "0-1"]
[WhiteElo "2384"]
[BlackElo "2377"]
[PlyCount "74"]
[EventDate "2010.11.16"]

1. e4 e5 2. Nf3 Nf6 3. d4 Nxe4 4. dxe5 Bc5 5. Qd5 Bxf2+ 6. Kd1 f5 7. Bc4 Qe7 8.
Nc3 c6 9. Qd3 Bc5 10. Rf1 b5 11. Bb3 b4 12. Nxe4 fxe4 13. Qxe4 d5 14. Qf4 Ba6
15. Re1 Bf2 16. Rh1 Nd7 17. Bd2 O-O-O 18. Qxb4 Qe8 19. Be1 Bc5 20. Qa5 Kb7 21.
Bg3 g5 22. Re1 Qe7 23. Qd2 Rhg8 24. Kc1 Bb6 25. Nd4 Nc5 26. Nf5 Qe6 27. Nd6+
Ka8 28. Kb1 Rgf8 29. a3 h5 30. Qxg5 Ba5 31. Rh1 Rb8 32. Qe3 Nxb3 33. cxb3 d4
34. Qe4 Rxb3 35. Qxc6+ Bb7 36. Qc4 Be4+ 37. Kc1 Qh6+ 0-1

[Event "60th ch-RUS w"]
[Site "Moscow RUS"]
[Date "2010.11.24"]
[Round "8"]
[White "Gunina, V."]
[Black "Shadrina, T."]
[Result "0-1"]
[WhiteElo "2479"]
[BlackElo "2384"]
[PlyCount "138"]
[EventDate "2010.11.16"]

1. d4 Nf6 2. Nf3 d5 3. c4 e6 4. Nc3 c6 5. Bg5 Nbd7 6. e3 Qa5 7. Nd2 Bb4 8. Qc2
O-O 9. Be2 e5 10. Bxf6 Nxf6 11. dxe5 Ne4 12. O-O Nxd2 13. Qxd2 dxc4 14. a3 Be7
15. f4 Rd8 16. Qc2 Qc5 17. Qe4 b5 18. Kh1 g6 19. Qf3 Bf5 20. Qg3 Bd3 21. f5
Bxe2 22. Nxe2 Rd5 23. b4 cxb3 24. Nf4 Rxe5 25. e4 b2 26. Rae1 Qxa3 27. Nd3 b1=Q
28. Rxb1 Rxe4 29. fxg6 hxg6 30. Rxf7 Kxf7 31. Qf3+ Kg7 32. Qxe4 Qd6 33. Nf4 Qf6
34. Nxg6 Bd6 35. Nh4 Rf8 36. g3 Be5 37. Re1 Bc3 38. Qg4+ Kh7 39. Rd1 Rf7 40.
Kg2 b4 41. Nf3 Qf5 42. Qh4+ Kg7 43. Rf1 a5 44. g4 Qg6 45. g5 a4 46. Qc4 Re7 47.
Rc1 Bb2 48. Rc2 a3 49. Rxb2 axb2 50. Qd4+ Kh7 51. Qxb2 c5 52. Qf2 Qe4 53. Kh3
Qf5+ 54. Kg2 Rf7 55. Qh4+ Kg8 56. Ng1 Qf1+ 57. Kh1 Qf4 58. Qe1 Qxg5 59. h4 Qd5+
60. Kh2 Qd6+ 61. Kh1 Qc6+ 62. Kh2 Rg7 63. Qe2 Qd6+ 64. Kh1 Qc6+ 65. Kh2 b3 66.
Nf3 b2 67. Qc4+ Kh8 68. Qd3 Qg6 69. Qd8+ Rg8 0-1